Statistics for Diplomatic Missions of Canada

Click here to take the quiz!

General Stats

  • This quiz has been taken 9 times
  • The average score is 156 of 280

Answer Stats

Mission TypeCountryAnswer% Correct
Argentina
86%
Bangladesh
86%
Brazil
86%
EmbassyBuenos Aires
86%
Consulate GeneralChicago
86%
Chile
86%
China
86%
Colombia
86%
Consulate GeneralDetroit
86%
Dominican Republic
86%
Trade OfficeHouston
86%
India
86%
Japan
86%
Consulate GeneralLos Angeles
86%
Mexico
86%
EmbassyMexico City
86%
Consulate GeneralNew York City
86%
Consulate GeneralRio de Janeiro
86%
Consulate GeneralSan Francisco
86%
EmbassySantiago
86%
Consulate GeneralSeattle
86%
South Korea
86%
Sri Lanka
86%
Taiwan
86%
United States
86%
Embassy | Permanent MissionWashington, D.C.
86%
Algeria
71%
Armenia
71%
EmbassyAthens
71%
Consulate GeneralAtlanta
71%
Australia
71%
Austria
71%
Barbados
71%
EmbassyBeijing
71%
Belgium
71%
EmbassyBerlin
71%
EmbassyBogotá
71%
Bolivia
71%
Consulate GeneralBoston
71%
EmbassyBrasilia
71%
EmbassyBrussels
71%
EmbassyBudapest
71%
EmbassyCairo
71%
EmbassyCopenhagen
71%
Croatia
71%
Cuba
71%
Czechia
71%
Consulate GeneralDallas
71%
Denmark
71%
Consulate GeneralDenver
71%
Consulate GeneralDubai
71%
EmbassyDublin
71%
Egypt
71%
France
71%
Georgia
71%
Germany
71%
Ghana
71%
Greece
71%
EmbassyHavana
71%
Honduras
71%
Consulate GeneralHong Kong
71%
Hungary
71%
Iceland
71%
Indonesia
71%
Iraq
71%
Israel
71%
Italy
71%
Jamaica
71%
Jordan
71%
Kazakhstan
71%
Lebanon
71%
Malaysia
71%
Consulate GeneralMiami
71%
Mongolia
71%
Morocco
71%
Consulate GeneralMumbai
71%
High CommissionNew Delhi
71%
Norway
71%
Panama
71%
EmbassyPanama City
71%
Embassy | Permanent Delegation | Permanent MissionParis
71%
Peru
71%
Philippines
71%
EmbassyPrague
71%
Qatar
71%
EmbassyReykjavík
71%
Romania
71%
Embassy | Permanent MissionRome
71%
Russia
71%
EmbassySanto Domingo
71%
Consulate GeneralSão Paulo
71%
Saudi Arabia
71%
Serbia
71%
Singapore
71%
South Africa
71%
Spain
71%
Sweden
71%
Switzerland
71%
Consulate GeneralSydney
71%
EmbassyTokyo
71%
Trinidad and Tobago
71%
Turkey
71%
Ukraine
71%
United Arab Emirates
71%
United Kingdom
71%
Uruguay
71%
Venezuela
71%
Canadian Delegation | EmbassyVienna
71%
High CommissionAccra
57%
EmbassyAlgiers
57%
EmbassyAmman
57%
EmbassyAnkara
57%
EmbassyBaghdad
57%
EmbassyBeirut
57%
Trade OfficeBelo Horizonte
57%
Benin
57%
EmbassyBern
57%
EmbassyBucharest
57%
EmbassyCanberra
57%
Consular AgencyCancún
57%
Consulate GeneralChongqing
57%
Costa Rica
57%
Democratic Republic of the Congo
57%
High CommissionDhaka
57%
Ecuador
57%
El Salvador
57%
Estonia
57%
Ethiopia
57%
Finland
57%
Guatemala
57%
EmbassyGuatemala City
57%
Guyana
57%
Haiti
57%
Ireland
57%
Consulate GeneralIstanbul
57%
Embassy | Permanent MissionJakarta
57%
Trade OfficeJohannesburg
57%
Kenya
57%
High CommissionKingston
57%
High CommissionKuala Lumpur
57%
Kuwait
57%
EmbassyKuwait City
57%
Office of the EmbassyLa Paz
57%
Latvia
57%
Lithuania
57%
EmbassyMadrid
57%
ConsulateMilan
57%
Consulate GeneralMinneapolis
57%
EmbassyMontevideo
57%
ConsulateMunich
57%
Netherlands
57%
New Zealand
57%
Nicaragua
57%
Nigeria
57%
Trade OfficeOsaka
57%
EmbassyOslo
57%
Pakistan
57%
Poland
57%
EmbassyPort-au-Prince
57%
Portugal
57%
High CommissionPretoria
57%
Office of the EmbassyPunta Cana
57%
EmbassyRiyadh
57%
Trade OfficeSan Diego
57%
EmbassySan José
57%
Senegal
57%
EmbassySeoul
57%
Consulate GeneralShanghai
57%
Slovakia
57%
EmbassyStockholm
57%
EmbassyTallinn
57%
Tanzania
57%
ConsulateTbilisi
57%
Office of the EmbassyTegucigalpa
57%
EmbassyTel Aviv
57%
Vietnam
57%
EmbassyYerevan
57%
EmbassyAbu Dhabi
43%
Embassy | Permanent ObserverAddis Ababa
43%
EmbassyAstana
43%
ConsulateAuckland
43%
ConsulateBarcelona
43%
EmbassyBelgrade
43%
Consulate GeneralBengaluru
43%
High CommissionBridgetown
43%
Burkina Faso
43%
Cambodia
43%
EmbassyCaracas
43%
High CommissionColombo
43%
EmbassyDoha
43%
ConsulateDüsseldorf
43%
Permanent MissionGeneva
43%
ConsulateGuadalajara
43%
Consulate GeneralGuangzhou
43%
EmbassyHelsinki
43%
High CommissionIslamabad
43%
Ivory Coast
43%
EmbassyKinshasa
43%
EmbassyKyiv
43%
Deputy High CommissionLagos
43%
Laos
43%
EmbassyLima
43%
High CommissionLondon
43%
Office of the EmbassyManagua
43%
EmbassyManila
43%
Consulate GeneralMonterrey
43%
Mozambique
43%
Myanmar
43%
ConsulateNagoya
43%
High CommissionNairobi
43%
High CommissionPort of Spain
43%
EmbassyQuito
43%
EmbassyRabat
43%
EmbassyRiga
43%
Rwanda
43%
EmbassySan Salvador
43%
Trade OfficeSapporo
43%
Trade OfficeTaipei
43%
Thailand
43%
EmbassyTunis
43%
Tunisia
43%
EmbassyUlaanbaatar
43%
EmbassyVilnius
43%
EmbassyWarsaw
43%
EmbassyZagreb
43%
Zambia
43%
Zimbabwe
43%
EmbassyAbidjan
29%
High CommissionAbuja
29%
Consular AgencyAcapulco
29%
EmbassyBangkok
29%
EmbassyBratislava
29%
Brunei
29%
Consular AgencyCabo San Lucas
29%
Cameroon
29%
Office of the EmbassyCotonou
29%
EmbassyDakar
29%
High CommissionDar es Salaam
29%
High CommissionGeorgetown
29%
EmbassyHanoi
29%
Consulate GeneralHo Chi Minh City
29%
EmbassyLisbon
29%
Mali
29%
EmbassyMoscow
29%
Trade OfficePorto Alegre
29%
Trade OfficeRecife
29%
South Sudan
29%
EmbassyThe Hague
29%
ConsulateTijuana
29%
High CommissionWellington
29%
EmbassyHarare
14%
EmbassyJuba
14%
High CommissionKigali
14%
Office of the High CommisssionLusaka
14%
High CommissionMaputo
14%
EmbassyOuagadougou
14%
Palestine
14%
Office of the EmbassyPhnom Penh
14%
ConsulatePuerto Plata
14%
Representative OfficeRamallah
14%
Office of the EmbassyVientiane
14%
ConsulateVladivostok
14%
EmbassyYangon
14%
High CommissionYaoundé
14%
EmbassyBamako
0%
High CommissionBandar Seri Begawan
0%
Consulate GeneralChandigarh
0%
Trade OfficeKitakyushu
0%
Consular AgencyMazatlán
0%
Trade OfficePalo Alto
0%
Consular AgencyPlaya del Carmen
0%
Consular AgencyPuerto Vallarta
0%

Score Distribution

Percentile by Number Answered

Percent of People with Each Score

Your Score History

You have not taken this quiz